| 000 | 00520nam a2200205Ia 4500 | ||
|---|---|---|---|
| 003 | OSt | ||
| 005 | 20230328152528.0 | ||
| 008 | 210423s2009 xx 000 0 und d | ||
| 020 | _a8122421652 | ||
| 040 | _cAL | ||
| 041 | _aeng | ||
| 082 |
_a543.0858 _223 _b SINP |
||
| 100 |
_aSINDHU (P S). _979147 |
||
| 245 | _aElements of Molecular spectroscopy. | ||
| 260 |
_aNew Delhi _bNew Age International _c2009 |
||
| 300 |
_axii,217 _bPB |
||
| 365 |
_b195 _cINR |
||
| 906 | _aMolecular ; spectroscopy. | ||
| 942 |
_2ddc _cBK |
||
| 999 |
_c154365 _d154365 |
||